• 首页
  • 本馆介绍
  • 公告通知
  • 最新文献
  • 馆藏检索
  • 电子资源
  • 读者导购
  • 参考咨询
  • 我的图书馆
  • 登录
  • 详细信息显示
  • 放入我的书架
  • 预约/预借图书
  • 作者相关作品
  • 分类相关作品
  • 丛书相关作品
  • 出版社相关作品

书目信息

  • 表格格式
  • 工作单格式
  • 卡片格式
书名: Late night thoughts on listening to Mahler’s Ninth symphony
作者: Lewis Thomas.
分册号:
分册名:
出版地: New York :
 
出版社: Viking Press
出版时间: 1983.
页数: vi, 168 p. ;
开本: 21 cm.
丛书名:
中图分类号:
科图分类号:
其他分类号: B712
主题词:
电子资源:
000 00803cam a2200265 a 450
001 E0752663263
005 20070505144214.96
008 830715s1983 nyu 000 0 eng
010    @a83047932
020    @a0670703907.
035    @A(DLC) 83047932
040    @aDLC@cDLC@dDLC
050 00 @aQ175@b.T495 1983
082 00 @a081@2 19
090    @aB712
099    @dB712@ex29
100 1  @aThomas, Lewis,@d1913-
245 10 @aLate night thoughts on listening to Mahler’s Ninth symphony / @cLewis Thomas.
260    @aNew York :@bViking Press,@c1983.
300    @avi, 168 p. ;@c21 cm.
650  0 @aBiology@xPhilosophy.
650  0 @aScience@xPhilosophy.
906    @a7@bcbc@corignew@d1@eocip@f19@gy-gencatlg
985    @fba14 3/27/85.
991    @bc-GenColl@hQ175@i.T495 1983@p00019433018@tCopy 1@wBOOKS
    
    Late night thoughts on listening to Mahler’s Ninth symphony / / Lewis Thomas.-New York : : Viking Press, , 1983.
    vi, 168 p. ; ; 21 cm.
    
    
    ISBN 0670703907.
    
●
相关链接 在E读中查询图书 在五车中查询图书 在当当中查询图书 在豆瓣中查询图书


正题名:Late night thoughts on listening to Mahler's Ninth symphony     索取号:B712/x29         预约/预借

序号 登录号 条形码 馆藏地/架位号 状态 备注
1 6893   300068931   第二样本阅览室/ [索取号:B712/x29] 在馆    
2 6894   300068940   第四借阅区/ [索取号:B712/x29] 在馆    
3 6895   300068959   第四借阅区/ [索取号:B712/x29] 在馆    
4 6896   300068968   第四借阅区/ [索取号:B712/x29] 在馆    
唐山师范学院图书馆 欢迎您!
大连网信软件有限公司© 版权所有